000
003180000a22001450004500
003
MACL
040
_a
MACL
090
_c
6215
_d
6214
100
_a
Shah, Ghanshyam
245
_a
Gandhian Approach To Rural Development
260
_b
Ajanta Publications
_c
1983
350
_a
50
650
_a
Sociology
942
_c
BOOK
_k
300
999
_c
6167
_d
6167